000 01229nam a22002177a 4500
999 _c60069
_d60069
003 Ge_BSU
005 20230605095444.0
008 230605s2014 ge ||||| |||| 00| 0 geo d
020 _a9789941070891
041 _ageo
080 _a75(479.22)(084.1) ვ-27
245 _aვახტანგ მუსხელიშვილი :
_b [გამოფენის კატალოგი] = Vaho Muskheli : [catalogue of Exhibition] /
_cთარგმანი ირმა ხვედელიძე; ფოტო რიჩარდ ნიკოლი; ბაია გალერეა.
264 _aთბილისი,
_c2014.
300 _a80 გვ. :
_bილ. ;
_c25 სმ.
500 _aეძღვნება ლაშა სულაკაურის ნათელ ხსოვნას
501 _aთავფურ. და ტექსტი ქართ. და ინგლ.
653 _aქართველი მხატვრების ფერწერული ალბომები.
700 _aხვედელიძე, ირმა
_eმთარგმნელი
_916823
700 _aნიკოლი, რიჩარდ
_eფოტო
_918455
942 _2udc
_cBK